Comportamiento en cortante de muros de mampostería con el refuerzo horizontal embebido en concreto o colocado en las sisas de los bloques
Gorde:
| Egile nagusia: | |
|---|---|
| Formatua: | Liburua |
| Hizkuntza: | Spanish |
| Argitaratua: |
[San José], Costa Rica
2012
|
| Gaiak: | |
| Etiketak: |
Etiketa erantsi
Etiketarik gabe, Izan zaitez lehena erregistro honi etiketa jartzen!
|
MARC
| LEADER | 00000nam a22000007a 4500 | ||
|---|---|---|---|
| 003 | 010681 | ||
| 005 | 20221231143931.0 | ||
| 008 | 151106b2012 cr a|||| |||| 00| 0 spa d | ||
| 040 | |c cru CEDI | ||
| 090 | |a TFG 6509 | ||
| 100 | |9 2155 |a Cordero Segura, Mariela | ||
| 245 | |a Comportamiento en cortante de muros de mampostería con el refuerzo horizontal embebido en concreto o colocado en las sisas de los bloques | ||
| 260 | |a [San José], Costa Rica |c 2012 | ||
| 500 | |a Proyecto de graduación (licenciatura en ingeniería civil)--Universidad de Costa Rica. Facultad de Ingeniería. Escuela de Ingeniería Civil | ||
| 650 | |x MUROS |x RESISTENCIA DE MATERIALES |x MAMPOSTERIA |x RESISTENCIA DE MATERIALES |x PRUEBAS |x ANALISIS ESTRUCTURAL (INGENIERIA) |9 2156 | ||
| 942 | |c TFG | ||
| 999 | |c 14441 |d 14441 | ||
